000 00685nam a22001937a 4500
003 0
005 20250120101051.0
008 151003b xxu||||| |||| 00| 0 eng d
050 _aPHS BF 698.7
_b.Av958 2015
100 _aAvila, Stephen Joshua
245 _aSpending habits and decision-making skills /
_cStephen Joshua Avila.
260 _aLas PiƱas, Philippines :
_bSouthville International School and Colleges,
_c2015.
300 _aiii, 20 p. :
_bill. ;
_c28 cm.
504 _aIncludes bibliographical references.
650 _aFinancial decision making.
650 _aSpending
_vPsychological aspects.
650 _aPersonal finance
_vBehavioral aspects.
942 _2lcc
_cPASS
999 _c288797
_d288797